<?xml version="1.0" encoding="UTF-8"?>
<collection xmlns="http://www.loc.gov/MARC21/slim">
 <record>
  <leader>01054pam a22002418a 4500</leader>
  <controlfield tag="001">00026108</controlfield>
  <controlfield tag="005">20180731100716.0</controlfield>
  <controlfield tag="008">110813s2001                  ||||||viesd</controlfield>
  <datafield tag="041" ind1="0" ind2="#">
   <subfield code="a">vie</subfield>
  </datafield>
  <datafield tag="082" ind1="1" ind2="4">
   <subfield code="a">372.1</subfield>
   <subfield code="b">H561D</subfield>
  </datafield>
  <datafield tag="100" ind1="0" ind2="#">
   <subfield code="a">Lê Thị Ánh Tuyết</subfield>
  </datafield>
  <datafield tag="245" ind1="0" ind2="0">
   <subfield code="c">Lê Thị Ánh Tuyết,Phạm Thị Mai Chi</subfield>
   <subfield code="a">Hướng dẫn thực hiện đổi mới hình thức tổ chức hoạt động giáo dục trẻ mẫu giáo 3-4 tuổi</subfield>
   <subfield code="b">Tài liệu thử nghiệm năm học 2001-2002</subfield>
  </datafield>
  <datafield tag="260" ind1="#" ind2="#">
   <subfield code="a">[kxd]</subfield>
   <subfield code="b">[kxd]</subfield>
   <subfield code="c">2001</subfield>
  </datafield>
  <datafield tag="300" ind1="#" ind2="#">
   <subfield code="a">149tr.</subfield>
   <subfield code="c">27cm.</subfield>
  </datafield>
  <datafield tag="500" ind1="#" ind2="#">
   <subfield code="a">ĐTTS ghi: Bộ GD và ĐT. Vụ GD mầm non trung tâm nghiên cứu GD mầm non</subfield>
  </datafield>
  <datafield tag="653" ind1="#" ind2="#">
   <subfield code="a">chương trình giáo dục</subfield>
  </datafield>
  <datafield tag="653" ind1="#" ind2="#">
   <subfield code="a">mầm non</subfield>
  </datafield>
  <datafield tag="700" ind1="0" ind2="#">
   <subfield code="a">Phạm Mai Chi</subfield>
  </datafield>
  <datafield tag="852" ind1="#" ind2="#">
   <subfield code="b">Kho giáo trình</subfield>
   <subfield code="j">KGT.0028170</subfield>
  </datafield>
  <datafield tag="852" ind1="#" ind2="#">
   <subfield code="b">Kho mượn</subfield>
   <subfield code="j">KGT.0028170</subfield>
  </datafield>
  <datafield tag="852" ind1="#" ind2="#">
   <subfield code="j">KGT.0028170</subfield>
   <subfield code="j">KGT.0028171</subfield>
   <subfield code="j">KGT.0054501</subfield>
  </datafield>
  <datafield tag="910" ind1=" " ind2=" ">
   <subfield code="d">13/08/2011</subfield>
  </datafield>
  <datafield tag="980" ind1="#" ind2="#">
   <subfield code="a">Trung tâm Học liệu Lê Vũ Hùng, Trường Đại học Đồng Tháp</subfield>
  </datafield>
 </record>
</collection>
